000 00967cam a2200253 i 4500
005 20251119111447.0
008 250721s1993 su gr 000 0 ara d
020 _a9960687082
082 1 4 _a210.48
_bن ح و
100 1 _aالنحوي، عدنان علي رضا
_eمؤلف.
245 1 2 _aالحداثة في منظور إيماني /
_cالدكتور عدنان علي رضا النحوي.
250 _aالطبعة الرابعة.
264 3 1 _aالرياض :
_bدار النحوي للنشر والتوزيع،
_c1993.
300 _a291 صفحة.
490 0 _aإلى لقاء المؤمنين وبناء الجيل المؤمن.
650 1 7 _aالإسلام.
650 1 7 _aالأدب.
650 1 7 _aالأدب الإسلامي.
650 1 7 _aالأدب العربي.
650 1 7 _aالنقد الأدبي.
830 0 _aإلى لقاء المؤمنين وبناء الجيل المؤمن.
942 _2ddc
_cBK
999 _c2429
_d2429